Visualizzazione normale
Vista MARC
- Peters
di Personal Name
Records bibliografici associati: 1
001 - CONTROL NUMBER
- control field: 26603
003 - CONTROL NUMBER IDENTIFIER
- control field: IT-RoPau
005 - DATE AND TIME OF LATEST TRANSACTION
- control field: 20140524112554.0
008 - FIXED-LENGTH DATA ELEMENTS
- fixed length control field: 140524|| aca||aabn | a|a d
040 ## - CATALOGING SOURCE
- Original cataloging agency: IT-RoPau
- Transcribing agency: IT-RoPau
100 ## - HEADING--PERSONAL NAME
- Personal name: Peters
- Dates associated with a name: Codice autore SPICS: 30295
- Relator term: Autore
- Name of part/section of a work: Love Don't Come Easy
670 ## - SOURCE DATA FOUND
- Source citation: Work cat.: (IT-RoPau)99713: AA.VV. 794, Tie Up